LEADER 01381nam a2200277 u 4500 001 000000117995 003 CaOOAMICUS 005 20091113133110.0 008 091113s1925 it u000 u lat r 040 $aPUL$bita$dMCT 100 0 $aThomas Aquinas,$cs.,$dc. 1225-1274.$0(OLS)http://pul/name/3373 240 10$aCatena aurea$9(Thomas Aquinas, s., c. 1225-1274).$0(OLS)http://pul/title/68451 245 10$aCatena aurea in quatuor Evangelia /$cS. Thomae Aquinatis. 250 $aEditio VIIIa Taurinensis emendatissima stereotypa. 260 $aTaurini :$bex Officina Marietti,$c1925. 300 $a2 v. ;$c22 cm 500 $aTesto su due colonne. 505 0 $aVolumen primum: Expositionem in Matthaeum et Marcum. -- Volumen secundum: Expositionem in Lucam et Joannem. 630 04$aBiblia.$pN.T.$pEvangelia.$0(OLS)http://pul/subject/2990 850 $aPUL 852 $aPUL$W1$xDP1 Religione 1$y20$m484 E 6$j135427$av. 2$qStampati$B134398$CPULBib$Z2$F134398 $H38340 $82 852 $aPUL$W1$xDP1 Religione 1$y20$m484 E 5$j167459$av. 1$qStampati$B168037$CPULBib$Z2$F168037 $H38341 $82 900 $aTommaso d'Aquino,$cs.,$dc.1225-1274$93373 941 1 $a8 996 $6245$aCatena aurea in quatuor Evangelia$9(OLS)http://pul/title/68452 996 $6260$aTaurini :$bex Officina Marietti$9(OLS)http://pul/publisher/67849 LEADER 01875nam a2200385 a 4500 001 000000123296 003 CaOOAMICUS 005 20101011114506.0 008 101011t2010 it u000 u ita r 020 $a978-88-452-6492-4 040 $aPUL$bita 041 1 $aita$hger 082 04$a190 100 1 $aNietzsche, Friedrich Wilhelm,$d1844-1900.$0(OLS)http://pul/name/664 240 10$aAlso sprach Zarathustra.$lItaliano e tedesco.$0(OLS)http://pul/title/155388 245 10$aCosì parlò Zarathustra :$bintroduzione, traduzione e commento /$cFriedrich Nietzsche ; introduzione, traduzione, note e commento di Sossio Giametta ; notizia biografica e bibliografica di Diego Fusaro. 260 $aMilano :$bBompiani,$c©2010$aMilano :$bR.C.S. Libri,$c©2010. 300 $a1228 p. ;$c22 cm. 490 1 $aBompiani Il pensiero occidentale ;$v117 504 $aInclude riferimenti bibliografici e indici. 546 $aTesto tedesco a fronte. 600 14$aNietzsche, Friedrich Wilhelm,$d1844-1900$tAlso sprach Zarathustra.$0(OLS)http://pul/subject/20758 700 1 $aGiametta, Sossio,$d1929-2024.$0(OLS)http://pul/name/35662 700 1 $aFusaro, Diego.$0(OLS)http://pul/name/66136 830 0$aBompiani Il pensiero occidentale ;$v117.$0(OLS)http://pul/title/99836 850 $aPUL 852 $aPUL$W1$xSL Filosofia 3$y81$m190 COLL 2.117$j141842$qDDC 21$B140827$CPULBib$Z2$F140827 $82 941 1 $a9 983 3$aIl pensiero occidentale (Bompiani) 996 $6020$a978-88-452-6492-4$9(OLS)http://pul/number/145574 996 $6082$a190$9(OLS)http://pul/classification/123 996 $6245$aCosì parlò Zarathustra :$bintroduzione, traduzione e commento$9(OLS)http://pul/title/155389 996 $6260$aMilano :$bBompiani$9(OLS)http://pul/publisher/48240 996 $6260$aMilano :$bR.C.S. Libri$9(OLS)http://pul/publisher/74600